Bienvenido a nuestro catálago, Biblioteca Universidad Monteávila

Vista normal Vista MARC

Entrada Encabezamiento temático

Número de registros utilizados en: 1

001 - NÚMERO DE CONTROL

  • campo de control: 9190

003 - IDENTIFICADOR DEL NÚMERO DE CONTROL

  • campo de control: vecauma

005 - FECHA Y HORA DE LA ÚLTIMA TRANSACCIÓN

  • campo de control: 20231106194512.0

008 - DATOS DE LONGITUD FIJA

  • campo de control de longitud fija: 231106|| aca||aabn | a|a d

040 ## - FUENTE DE LA CATALOGACIÓN

  • Centro catalogador/agencia de origen: vecauma

053 ## - Número de clasificación LC

  • Número de clasificación–único número o número inicial: B823.3
  • Categoría temática: Filosofía

053 ## - Número de clasificación LC

  • Número de clasificación–único número o número inicial: HM641
  • Categoría temática: Sociología

150 ## - Materia

  • Encabezamiento temático: IDEOLOGIA

450 ## - REFERENCIA DE “VEASE” MATERIA

  • Encabezamiento temático: Ideology

450 ## - REFERENCIA DE “VEASE” MATERIA

  • Encabezamiento temático: Creencias

450 ## - REFERENCIA DE “VEASE” MATERIA

  • Encabezamiento temático: Ideologías

450 ## - REFERENCIA DE “VEASE” MATERIA

  • Encabezamiento temático: Mentalidad

550 ## - REFERENCIA DE "VEASE ADEMAS" MATERIA

  • Encabezamiento temático: FILOSOFIA

550 ## - REFERENCIA DE "VEASE ADEMAS" MATERIA

  • Encabezamiento temático: PENSAMIENTO

550 ## - REFERENCIA DE "VEASE ADEMAS" MATERIA

  • Encabezamiento temático: POLITICA

550 ## - REFERENCIA DE "VEASE ADEMAS" MATERIA

  • Encabezamiento temático: SOCIOLOGIA DEL CONOCIMIENTO

550 ## - REFERENCIA DE "VEASE ADEMAS" MATERIA

  • Encabezamiento temático: VALORES SOCIALES

670 ## - FUENTE EN LA QUE SE LOCALIZARON DATOS

  • Cita de la fuente: Catálogo de Autoridades de la Biblioteca Nacional de España, 2023
  • Información localizada: (Ideología)

670 ## - FUENTE EN LA QUE SE LOCALIZARON DATOS

  • Cita de la fuente: Catálogo de Autoridades de la Biblioteca del Congreso, 2023
  • Información localizada: (Ideology)

Copyright @ UMA Library
Universidad Monteávila Caracas, Venezuela

Edif. Sede principal Universidad Monteávila. Av. El Buen Pastor. Boleíta Norte. Caracas. 
Customized by Universidad Monteávila

Con tecnología Koha